000 00884nam0a22002651 4500
001 rc\399543
005 20250621072338.0
035 _a(NLR Aleph) 005648454
090 _a6745052
_c6745052
100 _a20030616d1989 |||y0rusy50 ca
101 0 _arus
102 _aRU
105 _aa |||||||||
200 1 _aЧисленное моделирование резонанса на солитонах уравнения СГ
210 _aМ.
_cИПМ
_d1989
215 _a20 с.
_cграф.
_d21
225 1 _aПрепринт
_fИн-т прикл. математики им. М.В. Келдыша АН СССР
_v№ 47
320 _aБиблиогр.: с. 17
700 1 _aАгаян
_bВ.М.
701 1 _aКриксин
_bЮ.А.
_gЮрий Анатольевич
801 0 _aRU
_bNLR
_gpsbo
801 1 _aRU
_bELAR
_2rusmarc
852 _aNLR
_j89-4/15871
942 _cBOOK
980 _aNB